000
00301nam a2200109Ia 4500
008
220204s9999 xx 000 0 und d
082
_a
641
_b
REV
245
0
_a
Reviews in food technology. V 1 and V 3
260
_a
Mysore
_b
Association of food technology
_c
1962
650
_a
Food technology
942
_c
BK
999
_c
20266
_d
20266